| 000 | 01382nam a2200277Ia 4500 | ||
|---|---|---|---|
| 999 |
_c55195 _d55195 |
||
| 001 | 22270 | ||
| 003 | GE_BSU | ||
| 005 | 20230824172126.0 | ||
| 008 | 181216s2010||||ge |||||||||||||| ||geo|| | ||
| 020 | _a9789941131776 | ||
| 040 | _cGE_BSU | ||
| 041 | _ageo | ||
| 080 | _a81'24+655 ლ-76 | ||
| 100 |
_aლო, ვივიენ _916802 |
||
| 245 |
_aლინგვისტიკის ისტორია ევროპაში პლატონიდან 1600 წლამდე / _cვივიენ ლო; რედაქტორი დალი გერმანიშვილი; ინგლისურიდან თარგმნა ლილი გოქსაძემ. |
||
| 264 |
_aთბილისი : _bთბილისის უნ-ტის გამომცემლობა, _c2010. |
||
| 300 |
_a263 გვ. ; _c25 სმ. |
||
| 500 | _aპარალელური სათათაური ინგლისურ ენაზე | ||
| 541 | _h11 ლ. | ||
| 653 | _aლინგვისტიკა | ||
| 653 | _aლინგვისტიკის ისტორია | ||
| 653 | _aევროპა | ||
| 700 |
_aგერმანიშვილი, დალი _eრედაქტორი _95061 |
||
| 700 |
_aგოქსაძე, ლილი _eმთარგმნელი _916803 |
||
| 942 |
_cBK _2udc |
||